| 000 | 00998cam a2200337Ia 4500 | ||
|---|---|---|---|
| 001 | 91101 | ||
| 005 | 20230410132556.0 | ||
| 008 | 850415s1984 cou 000 0 spa d | ||
| 010 | _a 84060899 | ||
| 035 | _a(OCoLC)ocm11920959 | ||
| 040 |
_aTXA _cTXA _dTXH _dBAKER _dYDXCP _dOCLCG |
||
| 020 | _a0939558076 | ||
| 020 | _a9780939558070 | ||
| 035 | _a(OCoLC)11920959 | ||
| 050 | 1 | 4 |
_aPQ7390.C557 _bC656p 1984 |
| 082 | 4 | _a861.64 | |
| 049 | _aGRAL | ||
| 100 | 1 |
_aCobián, Ricardo, _d1952- |
|
| 245 | 1 | 0 |
_aPara todos los panes no están todos presente / _cRicardo Cobián Figeroux. |
| 260 |
_aColorado Springs, Co. : _bMaize Press, _cc1984. |
||
| 300 |
_a62 p. ; _c21 cm. |
||
| 440 | 0 | _aMazorca series | |
| 500 | _aPoems. | ||
| 650 | 4 | _aCes. | |
| 650 | 4 | _aColección Enriquillo Sánchez. | |
| 938 |
_aBaker & Taylor _bBKTY _c5.00 _d3.75 _i0939558076 _n0001035328 _sactive |
||
| 938 |
_aYBP Library Services _bYANK _n1123255 |
||
| 942 |
_2lcc _cbk |
||
| 946 | _amjcruz | ||
| 994 |
_aC0 _bDRFGD |
||
| 999 |
_c83958 _d83958 |
||